[Event "Invitation"]
[Site "http://www.queenalice.com/game.php?id=787951"]
[Date "2010.6.10"]
[Round "-"]
[White "Scotta"]
[Black "leroioliveira"]
[Result "0-1"]
[WhiteElo "1228"]
[BlackElo "1156"]

1. d4 e5 2. dxe5 Nc6 3. f4 d6 4. c4 dxe5 5. fxe5 Qxd1+ 6. Kxd1 Nxe5 7. b3 Bg4 8.
h3 Rd8+ 9. Bd2 Bb4 10. hxg4 Nxg4 11. a3 Bxd2 12. Nxd2 Nf2+ 13. Ke1 Nxh1 14. Ne4
Nf6 15. Nc5 O-O 16. Rd1 Rxd1+ 17. Kxd1 Ng3 18. Ke1 Re8 19. Kf2 Nxf1 20. Kxf1 Ne4
21. Nxe4 Rxe4 22. a4 a5 23. c5 Re3 24. Kf2 Rxb3 25. Nf3 Ra3 26. Nd4 Rxa4 27. Nb3
c6 28. g4 Rb4 29. Nxa5 Rxg4 30. Nxb7 h5 31. Nd8 Rg6 32. e4 h4 33. e5 h3 34. e6
fxe6 35. Nxc6 h2 36. Ne7+ Kf7 37. Nxg6 h1=Q 38. Ne5+ Ke8 39. c6 Qh2+ 40. Ke3
Qxe5+ 41. Kd3 Qd5+ 42. Ke3 Qxc6 43. Kf4 Qd5 44. Ke3 Kf7 45. Kf4 e5+ 46. Kf5 g6+
47. Kg5 Qf3 48. Kh4 Qf4+ 49. Kh3 g5 50. Kg2 g4 51. Kg1 g3 52. Kg2 e4 53. Kh3 e3
54. Kg2 e2 55. Kh3 e1=Q 56. Kg2 Qff1# 0-1

[Event "Guerra dos Farrapos"]
[Site "http://www.queenalice.com/game.php?id=787967"]
[Date "2010.6.10"]
[Round "-"]
[White "leroioliveira"]
[Black "Scotta"]
[Result "0-1"]
[WhiteElo "1100"]
[BlackElo "1194"]

1. d4 d5 2. Nc3 Nf6 3. e3 c6 4. Nf3 Bf5 5. Ng5 e6 6. Qf3 h5 7. e4 dxe4 8. Ncxe4
Qxd4 9. Nxf6+ gxf6 10. Ne4 Nd7 11. Bd3 Ne5 12. Nxf6+ Ke7 13. Qe3 Qb4+ 14. c3 Qd6
15. O-O Nxd3 16. Ne4 Qe5 17. f3 Bh6 18. Qxd3 Rad8 19. Qe2 h4 20. f4 Qxe4 21.
Qxe4 Bxe4 22. g3 hxg3 23. hxg3 Rd3 24. Kf2 Rf3+ 25. Ke2 Rxg3 26. Be3 f5 27. Rg1
Rg2+ 28. Bf2 Bxf4 29. Rxg2 Bxg2 30. Bc5+ Kf7 31. Rg1 Rh2 32. Kd1 Bf3+ 33. Ke1
Bd2+ 34. Kf1 Be2# 0-1

[Event "Challenge"]
[Site "http://www.queenalice.com/game.php?id=789725"]
[Date "2010.6.14"]
[Round "-"]
[White "Legiao"]
[Black "Scotta"]
[Result "0-1"]
[WhiteElo "1122"]
[BlackElo "1211"]

1. e4 e5 2. Qf3 Nf6 3. g4 h6 4. Nh3 Bc5 5. g5 hxg5 6. Nxg5 Rh5 7. Qb3 Rxg5 8.
Nc3 a5 9. Bc4 a4 10. Nxa4 Be7 11. Qc3 Rxa4 12. Bb3 Rxe4+ 13. Kd1 d5 14. d3 d4
15. Bxg5 dxc3 16. bxc3 Rg4 17. Be3 c5 18. d4 cxd4 19. cxd4 exd4 20. Ba4+ Bd7 21.
Bxd7+ Qxd7 22. h3 Rh4 23. Bd2 Ne4 24. Rg1 Nxf2+ 0-1

[Event "E vamo de novo..."]
[Site "http://www.queenalice.com/game.php?id=794273"]
[Date "2010.6.24"]
[Round "-"]
[White "Capixaba789"]
[Black "Scotta"]
[Result "1-0"]
[WhiteElo "1851"]
[BlackElo "1227"]

1. e4 e5 2. Nf3 Bc5 3. c3 Nf6 4. Bc4 O-O 5. d3 d6 6. b4 Bb6 7. a4 a5 8. b5 c6 9.
Na3 d5 10. Bb3 Qd6 11. O-O cxb5 12. Nxb5 Qc5 13. Ba3 Qc6 14. Bxf8 Kxf8 15. Nxe5
Qe6 16. Nf3 Qd7 17. e5 Ng4 18. d4 Qf5 19. Nd6 Qd7 20. Bxd5 Na6 21. Bxf7 Qe7 22.
Nxc8 Rxc8 23. Bh5 Qe6 24. Bxg4 Qxg4 25. Rc1 Nc7 26. c4 Ne6 27. c5 Nf4 28. Ne1 h5
29. Qxg4 hxg4 30. Rc2 Bd8 31. Rb2 b6 32. g3 Nd5 33. cxb6 Bxb6 34. Nc2 Rc4 35.
Rd1 Rxa4 36. Ne3 Nc3 37. Rxb6 Nxd1 38. Nxg4 Rxd4 39. h3 Nc3 40. f4 Rd1+ 41. Kf2
Ne4+ 42. Kf3 Nd2+ 43. Ke2 Nc4 44. Rb8+ Kf7 45. Kxd1 a4 46. Rb4 Na3 47. Rxa4 Nb1
48. Ra7+ Ke6 49. Rxg7 Kd5 50. Ke2 Nc3+ 51. Kf3 Ne4 52. Rd7+ 1-0

[Event "Invitation"]
[Site "http://www.queenalice.com/game.php?id=796947"]
[Date "2010.6.30"]
[Round "-"]
[White "Scotta"]
[Black "toniteacher"]
[Result "0-1"]
[WhiteElo "1225"]
[BlackElo "1100"]

1. d4 d5 2. e3 Nc6 3. f4 Nf6 4. Bd3 Bg4 5. Nf3 e6 6. O-O Bd6 7. c4 O-O 8. h3
Bxf3 9. gxf3 Qd7 10. c5 Be7 11. Qa4 a6 12. b4 b5 13. Qb3 Nh5 14. Nd2 Ng3 15. Rf2
Bh4 16. e4 dxe4 17. fxe4 Qxd4 18. Bb2 Ne2+ 19. Kf1 Qxf2# 0-1

[Event "Challenge"]
[Site "http://www.queenalice.com/game.php?id=800324"]
[Date "2010.7.8"]
[Round "-"]
[White "Scotta"]
[Black "kiko_rs"]
[Result "0-1"]
[WhiteElo "1222"]
[BlackElo "1614"]

1. d4 d5 2. e3 c5 3. dxc5 e5 4. f4 e4 5. g4 Nf6 6. h4 Bxg4 7. Be2 Bxe2 8. Qxe2
Bxc5 9. Qb5+ Nfd7 10. Qxb7 Nb6 11. Nc3 N8d7 12. Nb5 Rc8 13. Nxa7 Rc7 14. Bd2
Rxb7 15. Nc6 Qf6 16. Nd4 O-O 17. Bc3 Nc4 18. O-O-O Nxe3 19. Re1 Qxf4 20. Bd2
Bxd4 21. Ne2 Bxb2+ 22. Kb1 Ba3+ 23. Ka1 Nxc2# 0-1

[Event "Challenge"]
[Site "http://www.queenalice.com/game.php?id=800325"]
[Date "2010.7.8"]
[Round "-"]
[White "kiko_rs"]
[Black "Scotta"]
[Result "0-1"]
[WhiteElo "1613"]
[BlackElo "1221"]

1. d4 d5 2. c4 dxc4 3. d5 e5 4. e4 Bc5 5. Bxc4 b5 6. Bxb5+ c6 7. Ba4 Nf6 8. Bg5
O-O 9. Nc3 Qa5 10. Nf3 cxd5 11. Bxf6 gxf6 12. O-O dxe4 13. Nh4 Be6 14. Rc1 Nd7
15. Nxe4 f5 16. Bxd7 fxe4 17. Bxe6 fxe6 18. Qg4+ Kf7 19. Qh5+ Ke7 20. Qxe5 Bxf2+
21. Rxf2 Qxe5 22. Rfc2 Qd4+ 23. Kh1 Rf4 24. g3 Rf3 25. Nxf3 exf3 26. Rf1 Rf8 27.
Rc7+ Kd6 28. Rfc1 f2 29. R7c6+ Ke5 30. Rf1 Qe4# 0-1

[Event "E vamo outra?"]
[Site "http://www.queenalice.com/game.php?id=802536"]
[Date "2010.7.12"]
[Round "-"]
[White "toniteacher"]
[Black "Scotta"]
[Result "0-1"]
[WhiteElo "1328"]
[BlackElo "1203"]

1. e4 e5 2. Nc3 c5 3. Nd5 Nf6 4. Nxf6+ Qxf6 5. Bc4 d6 6. h3 Be7 7. Nf3 O-O 8. d3
Nc6 9. Bg5 Qg6 10. Bxe7 Nxe7 11. g4 a6 12. Qd2 b5 13. Bb3 Qf6 14. Qe3 Be6 15. g5
Qg6 16. Bxe6 Qxe6 17. b3 b4 18. O-O-O a5 19. Nh4 a4 20. Rdf1 axb3 21. cxb3 Rxa2
22. f4 Qxb3 23. Rf2 Ra1+ 0-1

[Event "Invitation"]
[Site "http://www.queenalice.com/game.php?id=803132"]
[Date "2010.7.14"]
[Round "-"]
[White "leroioliveira"]
[Black "Scotta"]
[Result "1-0"]
[WhiteElo "1309"]
[BlackElo "1221"]

1. Nc3 e5 2. d4 exd4 3. Qxd4 Nc6 4. Qe4+ Qe7 5. Qxe7+ Bxe7 6. Bf4 f5 7. O-O-O
Nf6 8. Bxc7 O-O 9. Nd5 Nxd5 10. Rxd5 Bg5+ 11. e3 Ne7 12. Rd1 d5 13. Bd6 b5 14.
Bxb5 a6 15. Bc6 Ra7 16. Bc5 Rc7 17. Bxd5+ Nxd5 18. Bxf8 Kxf8 19. Rxd5 Ke8 20.
Nf3 Be6 21. Re5 Bf6 22. Rxe6+ Be7 23. Rd1 Kf7 24. Rxa6 g5 25. Ne5+ Ke8 26. Ra8+
Bd8 27. Rdxd8+ Ke7 28. f4 gxf4 29. exf4 h5 30. Rh8 Rb7 31. Rh7+ Kd6 32. Rxb7 Kd5
33. Ra5+ Ke4 34. Rb4+ Ke3 35. Ra3+ Kf2 36. Kd1 Kxg2 37. Ke1 h4 38. Rd4 h3 39.
Rd2+ Kh1 40. Kf2 Kxh2 41. Kf3+ Kg1 42. Kg3 h2 43. Rd1# 1-0

[Event "Challenge"]
[Site "http://www.queenalice.com/game.php?id=810052"]
[Date "2010.7.28"]
[Round "-"]
[White "adriana_paixao"]
[Black "Scotta"]
[Result "1-0"]
[WhiteElo "1498"]
[BlackElo "1227"]

1. e4 e5 2. Qf3 Nf6 3. Bc4 Bc5 4. Na3 O-O 5. Ne2 c6 6. g4 g5 7. Qf5 d5 8. Qxg5+
Kh8 9. exd5 Rg8 10. Qxe5 Rxg4 11. d4 Nd7 12. Qf5 cxd5 13. Bxd5 b6 14. Bxa8 Ba6
15. Bf3 Ne5 16. dxc5 Nxf3+ 17. Qxf3 Qe7 18. Be3 Re4 19. Ng3 Rg4 20. Qa8+ Kg7 21.
Nf5+ Kg6 22. Nxe7+ Kh5 23. Qxa7 Re4 24. cxb6 Bc4 25. b7 Nd7 26. Nxc4 Rxc4 27.
O-O-O Nf6 28. b8=Q Ne4 29. Rd5+ Kg4 30. Qd7+ Kf3 31. Qf5+ Kg2 32. Rdd1 h5 33.
Rhg1# 1-0

[Event "Challenge"]
[Site "http://www.queenalice.com/game.php?id=811774"]
[Date "2010.8.1"]
[Round "-"]
[White "Scotta"]
[Black "toniteacher"]
[Result "0-1"]
[WhiteElo "1251"]
[BlackElo "1636"]

1. e4 e5 2. d4 Bd6 3. h4 Nf6 4. d5 Nxe4 5. Bd3 Nf6 6. c4 O-O 7. f4 e4 8. Be2 Re8
9. g4 e3 10. g5 Ne4 11. Qd3 Bb4+ 12. Kf1 Ng3+ 13. Kg2 Nxh1 14. Kxh1 Bc5 15. Nc3
Na6 16. a3 d6 17. b4 Bb6 18. Bb2 g6 19. Nf3 Bf5 20. Qd1 c6 21. dxc6 bxc6 22. b5
cxb5 23. cxb5 Nc5 24. Nd4 Ne4 25. Nd5 Nf2+ 26. Kg1 Nxd1 27. Bxd1 Bxd4 28. Bxd4
e2 29. Nf6+ Qxf6 30. Ba4 Qxd4+ 31. Kg2 Be4+ 32. Kg3 Qe3+ 33. Kh2 Qf2+ 34. Kh3
Qg2# 0-1

[Event "O racismo na prática!"]
[Site "http://www.queenalice.com/game.php?id=823745"]
[Date "2010.8.26"]
[Round "-"]
[White "Scotta"]
[Black "leroioliveira"]
[Result "0-1"]
[WhiteElo "1243"]
[BlackElo "1345"]

1. d4 Nf6 2. Nf3 d5 3. Nc3 e6 4. g3 Bb4 5. a3 Bxc3+ 6. bxc3 O-O 7. Ne5 Nc6 8. f4
b6 9. Nxc6 Qd6 10. Ne5 Ne4 11. Be3 c5 12. dxc5 Nxc5 13. Bd4 Ne4 14. e3 f6 15.
Nf3 Qc6 16. Bh3 e5 17. fxe5 fxe5 18. Bxe5 Bxh3 19. Nd4 Qxc3+ 20. Ke2 Rf2# 0-1

[Event "Branco no Preto!"]
[Site "http://www.queenalice.com/game.php?id=826089"]
[Date "2010.8.31"]
[Round "-"]
[White "Scotta"]
[Black "kiko_rs"]
[Result "0-1"]
[WhiteElo "1249"]
[BlackElo "1638"]

1. d4 d5 2. Nc3 c5 3. dxc5 e5 4. Nh3 Bxc5 5. Nxd5 Nf6 6. c4 Nc6 7. Qa4 Nxd5 8.
cxd5 Qxd5 9. e4 Bb4+ 10. Ke2 Bg4+ 11. f3 Qxe4+ 12. Kf2 Qe1+ 13. Kg1 Bc5+ 14. Be3
Bxe3+ 15. Nf2 Bxf2# 0-1

[Event "Vai encarar II"]
[Site "http://www.queenalice.com/game.php?id=834689"]
[Date "2010.9.18"]
[Round "-"]
[White "toniteacher"]
[Black "Scotta"]
[Result "1-0"]
[WhiteElo "1658"]
[BlackElo "1247"]

1. Nf3 d5 2. d4 Nf6 3. Nc3 Nc6 4. e3 Bf5 5. Bb5 a6 6. Ba4 b5 7. Bb3 a5 8. a3 a4
9. Ba2 e6 10. Nxb5 Be7 11. b4 Ne4 12. Bb2 O-O 13. O-O 1-0

[Event "Back in black"]
[Site "http://www.queenalice.com/game.php?id=1604524"]
[Date "2020.3.27"]
[Round "-"]
[White "Scotta"]
[Black "worldwide"]
[Result "0-1"]
[WhiteElo "1231"]
[BlackElo "1863"]

1. Nc3 d5 2. e4 dxe4 3. Nxe4 g6 4. d3 Bg7 5. Nf3 Nf6 6. Be3 Nxe4 7. dxe4 Bxb2 8.
Bb5+ Bd7 9. Ne5 Bxe5 10. Rb1 Bc3+ 11. Bd2 Bxd2+ 12. Qxd2 c6 13. Be2 Qc7 14. O-O
Be6 15. f3 Nd7 16. c4 O-O-O 17. a4 Nc5 18. Qg5 f5 19. exf5 Bxf5 20. g4 Bxb1 21.
Rxb1 Nxa4 22. Bd1 Nc3 23. Rc1 Rxd1+ 24. Kf2 Qxh2+ 25. Ke3 Qd2# 0-1

[Event "Back in white"]
[Site "http://www.queenalice.com/game.php?id=1604525"]
[Date "2020.3.27"]
[Round "-"]
[White "worldwide"]
[Black "Scotta"]
[Result "1-0"]
[WhiteElo "1879"]
[BlackElo "1229"]

1. Nf3 Nf6 2. d4 g6 3. e3 Bh6 4. Be2 O-O 5. Nc3 d5 6. O-O a5 7. a4 Ra6 8. b3 Rc6
9. Bb2 Qd6 10. Ba3 Qe6 11. Nb5 Rb6 12. Nxc7 Qc6 13. Na8 Ra6 14. Bxa6 Qxa6 15.
Nc7 Qc6 16. Nb5 Bf5 17. c3 Ne4 18. Rc1 Qf6 19. Ne5 Nc6 20. f3 Nd6 21. Nxd6 exd6
22. Ng4 Qg5 23. Nxh6+ Qxh6 24. f4 Be4 25. Rf2 Ne7 26. Bxd6 Re8 27. Bxe7 Rxe7 28.
c4 dxc4 29. Rxc4 Qh4 30. Qa1 Bd5 31. Rc8+ Kg7 32. Qc3 Qg4 33. Rc5 Be4 34. Rg5
Qd1+ 35. Rf1 Qe2 36. Re1 Qa6 37. Rxa5 Qd3 38. Qb2 b6 39. Re5 Rc7 40. Rg5 Rc2 41.
Qb1 Qd2 42. Qd1 Qc3 43. d5 h6 44. Rg3 Qxb3 45. Qd4+ f6 46. Qxe4 Qc3 47. Qxg6+
Kf8 48. Qxh6+ Ke7 49. Rg7+ Kd6 50. Qh4 f5 51. Qd8+ Kc5 52. Rc7+ Kb4 53. Rxc3
Rxc3 54. Qxb6+ Kc4 55. Qb5# 1-0